Państwa, które pokonują Australię - Statystyki

Ogólne statystyki
  • Ten quiz został rozwiązany 3 421 razy
    3 343 od ostatniego zresetowania
  • Średni wynik to 11 z 16
Statystyki odpowiedzi
Ranga Kategoria Państwo % Poprawnych
10 Najwyżej w porządku alfabetycznym Afganistan | Albania | Algieria | Andora | Angola | Antigua i Barbuda | Arabia Saudyjska | Argentyna | Armenia
94%
3 Najbardziej wysunięte na południe Argentyna | Chile
94%
11 Większa oczekiwana długość życia (2021) Monako | Singapur | Japonia | San Marino | Kanada | Islandia | Andora | Izrael | Szwajcaria | Malta
93%
2 Największa ilość ataków rekinów w historii Stany Zjednoczone
84%
4 Najniższa gęstość zaludnienia Mongolia | Namibia | Islandia
73%
13 Najniższy poziom narażenia ludzi na zanieczyszczenie powietrza Finlandia | Brunei | Nowa Zelandia | Szwecja | Kanada | Islandia | Estonia | Norwegia | Stany Zjednoczone | Malediwy | Portugalia | Irlandia
69%
3 Najwięcej występów w mistrzostwach świata w rugby mężczyzn Nowa Zelandia | Republika Południowej Afryki
69%
2 Najwięcej powierzchni w strefie oświetlenia Ziemi międzyzwrotnikowej Brazylia
67%
3 Największa ilość jadowitych gatunków zwierząt Brazylia | Meksyk
66%
3 Największa liczba owiec na mieszkańca Mongolia | Nowa Zelandia
63%
10 Najwyższe średnie ceny Norwegia | Islandia | Szwajcaria | Wyspy Marshalla | Mikronezja | Iran | Vanuatu | Barbados | Izrael
63%
3 Największa liczba owiec Chiny | Indie
62%
7 Największy wskaźnik rozwoju społecznego czyli HDI (2020) Norwegia | Irlandia | Szwajcaria | Islandia | Niemcy | Szwecja
56%
2 Najczęściej odwiedzane przez Elżbietę II Kanada
55%
2 Najlepsze państwo do urodzenia (według The Economist, 2013) Szwajcaria
42%
8 Największa emisja dwutlenku węgla na mieszkańca Palau | Katar | Trynidad i Tobago | Kuwejt | Zjednoczone Emiraty Arabskie | Bahrajn | Oman | Arabia Saudyjska
21%
Nie znaleziono quizów pasujących do podanych kryteriów
Rozkład punktacji
Procent ludzi z każdym wynikiem
Percentyl według liczby udzielonych odpowiedzi
Twoja historia wyników
Nie rozwiązałeś tego quizu od ostatniego zresetowania